000 00903nam a22001577a 4500
003 SPCLIB
005 20260423090223.0
008 260423b |||||||| |||| 00| 0 eng d
040 _c..
100 _aCabactulan, Aiza Mae D.
245 _aCHALLENGES IN MOTHER TONGUE-BASED MULTILINGUAL EDUCATION AND PUPILS' ACADEMIC PERFORMANCE
_cAiza Mae D. Cabactulan
260 _c2022.
300 _a99 pages:
_bcolored illustration:
520 _aThe study aimed to determine the relationship between teachers' challenges in mother tongue-based multilingual education and pupils' academic performance. The study is utilized a descriptive -correlational research design analyzed through mean and standard deviation and Pearson r correlation. A self-made questionnaire was used to gather data, which was validated and inspected through reliability test with the use of Cronbac's alpha.
942 _cTHESES
_iBook
_2ddc
999 _c78
_d78